Statistics for Video Games by Synonyms

Click here to take the quiz!

General Stats

  • This quiz has been taken 29,325 times
    (18,226 since last reset)
  • The average score is 13 of 22

Answer Stats

Synonyms Video Game % Correct
Deceased or LivingDead or Alive
89%
Upset AviansAngry Birds
89%
Crypt InvaderTomb Raider
87%
Requirement for VelocityNeed for Speed
85%
Insane CabCrazy Taxi
84%
Avenue CombatantStreet Fighter
83%
Deity of ConflictGod of War
81%
Scarlet Deceased PistolRed Dead Revolver
79%
Vegetation Against UndeadPlants vs. Zombies
74%
Magnificent Larceny CarGrand Theft Auto
72%
Last ImaginationFinal Fantasy
58%
Goose SearchDuck Hunt
57%
Confectionary SmashCandy Crush
56%
Stone EnsembleRock Band
50%
Mute KnollSilent Hill
50%
PlanetoidsAsteroids
41%
Inhabitant MalevolenceResident Evil
40%
Quarry SkillMinecraft
39%
Confrontation of TribesClash of Clans
38%
Shimmy Shimmy InsurgencyDance Dance Revolution
37%
Association of MythsLeague of Legends
33%
CoronaHalo
23%

Score Distribution

Percentile by Number Answered

Percent of People with Each Score

Your Score History

You have not taken this quiz since the last reset